| 000 | 00551nam a22001697a 4500 | ||
|---|---|---|---|
| 005 | 20251108165330.0 | ||
| 008 | 250721s1982 xx 000 0 ara d | ||
| 082 | 1 | 4 | _a956.9/تمي |
| 100 | 1 | _aالتميمي، عبد المالك خلف | |
| 245 | 1 | 0 | _aالتبشير في منطقة الخليج العربي / |
| 264 | 1 |
_aالكويت : _bشركة كاظمه للنشر و الترجمة و التوزيع، _c1982. |
|
| 300 | _a331ص | ||
| 650 | 1 | 7 | _aالخليج العربي |
| 650 | 1 | 7 | _aالتاريخ |
| 942 |
_2ddc _cBK |
||
| 999 |
_c25307 _d25307 |
||